Philippine folk literature : the epics / Damiana L. Eugenio. (Record no. 21287)

000 -LEADER
fixed length control field 00532cam a2200157 a 4500
020 ## - INTERNATIONAL STANDARD BOOK NUMBER
ISBN 9789715422949
082 ## - DEWEY DECIMAL CLASSIFICATION NUMBER
Classification number 808.8132
Item number Eu87p 2001
100 ## - MAIN ENTRY--AUTHOR NAME
Personal name Eugenio, Damiana L., author.
245 00 - TITLE STATEMENT
Title Philippine folk literature : the epics / Damiana L. Eugenio.
260 ## - PUBLICATION, DISTRIBUTION, ETC. (IMPRINT)
Place of publication Quezon City :
Name of publisher University of the Philippines Press,
Year of publication ©2001.
300 ## - PHYSICAL DESCRIPTION
Number of Pages lix, 564 pages ;
Other physical details 23 cm.
500 ## - GENERAL NOTE
General note Includes bibliographical references.
650 #0 - SUBJECT ADDED ENTRY--TOPICAL TERM
Topical Term Epic poetry, Philippine (English).
650 #0 - SUBJECT ADDED ENTRY--TOPICAL TERM
Topical Term Philippine poetry (English).
942 ## - ADDED ENTRY ELEMENTS (KOHA)
Koha item type Books
Holdings
Source of acquisition Permanent Location Date acquired Koha item type Collection code Accession Number Lost status Shelving location Withdrawn status Current Location Full call number
SchoolCagayan State University - Carig Library2025-08-26BooksFilipiniana011023 Filipiniana Section Cagayan State University - Carig Library808.8132 Eu87p 2001

Cagayan State University University Library, Carig Campus
Tuguegarao City, Cagayan 3500 | www.csucarig.edu.ph

Powered by Koha